| 000 | 00618nam a2200181 a 4500 | ||
|---|---|---|---|
| 008 | 120416s1983 ||||||||||||||||| || u | ||
| 020 | _a0582300681 | ||
| 050 | _aHF 5430 Daw | ||
| 100 | _aDawson, John A | ||
| 245 | 1 | 0 | _aShopping centre development |
| 260 |
_aLondon: _bLongman _c1983 |
||
| 300 | _aix, 124p. : ill. | ||
| 350 | _a0.00 | ||
| 490 | _aTopics in applied geography | ||
| 500 | _aIncludes bibliographies and index. | ||
| 650 | _aSHOPPING CENTERS | ||
| 995 |
_D0.00 _FCBU-MAIN LIBRARY (Kitwe) _H1 _I6.95 _UAVAILABLE _ZMain Library Open Access Collection |
||
| 999 |
_c57415 _d57415 |
||